| 000 | 00484nam a2200157Ia 4500 | ||
|---|---|---|---|
| 008 | 170224s9999 xx 000 0 und d | ||
| 100 | _aTabea Bork-Hüffer | ||
| 245 | _aMediated sense of place: Effects of mediation and mobility on the place perception of German professionals in Singapore | ||
| 245 | _cTabea Bork-Hüffer | ||
| 260 | _bNew Media & Society | ||
| 260 | _c2016 | ||
| 300 | _a18:10 | ||
| 500 | _a2016 | ||
| 650 | _xCommunication Arts | ||
| 650 | _xMultimedia Arts | ||
| 999 |
_c316239 _d316239 |
||